<?xml version="1.0" encoding="UTF-8"?><?xml-stylesheet type="text/xsl" href="static/style.xsl"?><OAI-PMH xmlns="http://www.openarchives.org/OAI/2.0/" xmlns:xsi="http://www.w3.org/2001/XMLSchema-instance" xsi:schemaLocation="http://www.openarchives.org/OAI/2.0/ http://www.openarchives.org/OAI/2.0/OAI-PMH.xsd"><responseDate>2026-06-07T19:38:34Z</responseDate><request verb="GetRecord" identifier="oai:docta.ucm.es:20.500.14352/112902" metadataPrefix="marc">https://docta.ucm.es/rest/oai/request</request><GetRecord><record><header><identifier>oai:docta.ucm.es:20.500.14352/112902</identifier><datestamp>2025-03-18T12:14:19Z</datestamp><setSpec>com_20.500.14352_14</setSpec><setSpec>col_20.500.14352_15</setSpec></header><metadata><record xmlns="http://www.loc.gov/MARC21/slim" xmlns:dcterms="http://purl.org/dc/terms/" xmlns:xsi="http://www.w3.org/2001/XMLSchema-instance" xmlns:doc="http://www.lyncode.com/xoai" xsi:schemaLocation="http://www.loc.gov/MARC21/slim http://www.loc.gov/standards/marcxml/schema/MARC21slim.xsd">
   <leader>00925njm 22002777a 4500</leader>
   <datafield ind2=" " ind1=" " tag="042">
      <subfield code="a">dc</subfield>
   </datafield>
   <datafield ind2=" " ind1=" " tag="720">
      <subfield code="a">Paredes Martín, Enrique</subfield>
      <subfield code="e">author</subfield>
   </datafield>
   <datafield ind2=" " ind1=" " tag="260">
      <subfield code="c">2018</subfield>
   </datafield>
   <datafield ind2=" " ind1=" " tag="520">
      <subfield code="a">A partir de una brevísima referencia de 1975 del profesor D. Manuel Bendala acerca de una estatuilla broncínea de un legionario, encontrada a principios del siglo XX en el área arqueoló-gica emeritense de Los Columbarios, realizaremos un breve recorrido a través de la historia de dicha pieza. Y lo que es más importante: trataremos de ponerla en relación con el asentamiento de los veteranos de las legiones X Gemina y V Alaudae en el momento de la fundación de Augusta Emerita hacia el año 25 a.C.</subfield>
   </datafield>
   <datafield ind1="8" ind2=" " tag="024">
      <subfield code="a">PAREDES MARTÍN, Enrique (2018): «Un posible veterano de la legio V Alaudae y la fundación de Augusta Emerita: en torno a MNAR nª inv. 30333», Aquila Legionis 21, pp. 107-119.</subfield>
   </datafield>
   <datafield ind1="8" ind2=" " tag="024">
      <subfield code="a">1578-1518</subfield>
   </datafield>
   <datafield ind1="8" ind2=" " tag="024">
      <subfield code="a">https://hdl.handle.net/20.500.14352/112902</subfield>
   </datafield>
   <datafield ind2="0" ind1="0" tag="245">
      <subfield code="a">Un posible veterano de la legio V Alaudae y la fundación de Augusta Emerita: en torno a MNAR nª inv. 30333</subfield>
   </datafield>
</record></metadata></record></GetRecord></OAI-PMH>